| 000 | 01123cam a22002414a 4500 | ||
|---|---|---|---|
| 001 | 13708944 | ||
| 005 | 20070725075227.0 | ||
| 008 | 040902s2005 enka b 001 0 eng | ||
| 020 | _a0521846706 (hardback) | ||
| 040 |
_aDLC _cDLC _dDLC |
||
| 082 | 0 | 0 |
_a620.11292 _222 _bHOS |
| 100 | 1 |
_aHosford, William F. _930098 |
|
| 245 | 1 | 0 |
_aMechanical Behavior of Materials / _cW.F. Hosford. |
| 260 |
_aCambridge ; _aNew York : _bCambridge University Press, _cc2005. |
||
| 300 |
_axx, 425 p. : _bill. ; _c26 cm. |
||
| 504 | _aIncludes bibliographical references and index. | ||
| 650 | 0 |
_aMaterials _xMechanical properties. _930099 |
|
| 653 |
_bGen _cJune2012 |
||
| 942 |
_2ddc _cBB |
||
| 999 |
_c16760 _d16760 |
||